• 首页
  • 本馆介绍
  • 公告通知
  • 最新文献
  • 馆藏检索
  • 电子资源
  • 读者导购
  • 参考咨询
  • 我的图书馆
  • 登录
  • 详细信息显示
  • 放入我的书架
  • 预约/预借图书
  • 作者相关作品
  • 分类相关作品
  • 丛书相关作品
  • 出版社相关作品

书目信息

  • 表格格式
  • 工作单格式
  • 卡片格式
题名:
中国矿产资源形势与对策研究
    
 
作者: 周宏春 , 王瑞江 , 陈仁义 著
分册:  
出版信息: 北京   科学出版社  2005
页数: 281页
开本: 26cm
丛书名:
单 册:
中图分类: F426.1
科图分类:
主题词: 矿产资源--资源管理--研究--中国 , 矿产资源 , 资源管理
电子资源:
ISBN: 7-03-015031-7
000 01062nam0 2200289 450
000 01069nam0 2200289 450
000 01000nam0 2200265 450
000 00964nam0 2200253 45
005 20070525130750.28
010    @a7-03-015031-7@b精装@dCNY55.00
100    @a20070419d2005 em y0chiy0120 ea
101 0  @achi
102    @aCN@b110000
105    @ay z 000yy
200 1  @a中国矿产资源形势与对策研究@AZhong Guo Kuang Chan Zi Yuan Xing Shi Yu Dui Ce Yan Jiu@f周宏春,王瑞江,陈仁义等著@FZhou Hong Chun, Wang Rui Jiang, Chen Ren Yi Deng Zhu
210    @a北京@c科学出版社@d2005
215    @a281页@d26cm
330    @a本书收集了我国矿产资源有关的勘查开发、行业发展、矿产品贸易、消费利用、国内外资源利用、总体发展战略等方面的数据、详细资料。
606 0  @a矿产资源@x资源管理@x研究@y中国
606 0  @a矿产资源
606 0  @a资源管理
690    @aF426.1@v4
701  0 @a周宏春@AZhou Hong Chun@4著
701  0 @a王瑞江@AWang Rui Jiang@f(矿产资源)@4著
701  0 @a陈仁义@AChen Ren Yi@4著
801  0 @aCN@bTAOJIN@c20070525
905    @a10447@dF426.1@e86
    
    中国矿产资源形势与对策研究/周宏春,王瑞江,陈仁义等著.-北京:科学出版社,2005
    281页;26cm
    
    
    ISBN 7-03-015031-7(精装):CNY55.00
    本书收集了我国矿产资源有关的勘查开发、行业发展、矿产品贸易、消费利用、国内外资源利用、总体发展战略等方面的数据、详细资料。
●
相关链接 在E读中查询图书 在五车中查询图书 在当当中查询图书 在豆瓣中查询图书


正题名:中国矿产资源形势与对策研究     索取号:F426.1/86         预约/预借

序号 登录号 条形码 馆藏地/架位号 状态 备注
1 0522579   205225790   第一样本阅览室/ [索取号:F426.1/86] 在馆    
2 0522580   205225807   第一借阅区/ [索取号:F426.1/86] 在馆    
3 0522581   205225816   第一借阅区/ [索取号:F426.1/86] 在馆    
4 0522582   205225825   第一借阅区/ [索取号:F426.1/86] 在馆    
唐山师范学院图书馆 欢迎您!
大连网信软件有限公司© 版权所有